000 00205 a2200097 4500
001 720
100 _aHenney,W
245 _aElectronic components handbook
260 _a
_bMcgrawhill
_c
090 _c316
_d316
942 _aNUST-CAE
_cM
_c24002
999 _c235793
_d235793